BIBLIOTECA

SENCICO

Apartamentos interiores contemporáneos (Registro nro. 2564)

Detalles MARC
000 -LEADER
fixed length control field 00892nam a2200301Ia 4500
005 - DATE AND TIME OF LATEST TRANSACTION
control field 20251020182546.0
008 - FIXED-LENGTH DATA ELEMENTS--GENERAL INFORMATION
fixed length control field 200515s9999 xx 000 0 und d
082 ## - DEWEY DECIMAL CLASSIFICATION NUMBER
Classification number 747:728.72/M26
100 ## - MAIN ENTRY--PERSONAL NAME
Personal name Martínez Alonso, Claudia
245 #0 - TITLE STATEMENT
Title Apartamentos interiores contemporáneos
260 ## - PUBLICATION, DISTRIBUTION, ETC.
Place of publication, distribution, etc. Madrid
260 ## - PUBLICATION, DISTRIBUTION, ETC.
Name of publisher, distributor, etc. LOFT Publication
260 ## - PUBLICATION, DISTRIBUTION, ETC.
Date of publication, distribution, etc. 2013
300 ## - PHYSICAL DESCRIPTION
Extent 503 p.
300 ## - PHYSICAL DESCRIPTION
Other physical details il., graf., fot., col.
500 ## - GENERAL NOTE
General note 1 ejemplar
520 ## - SUMMARY, ETC.
Summary, etc. Ofrece una selección de proyectos de todo el mundo con soluciones arquitectónicas que, además de maximizar los espacios reducidos, consiguen crear hogares prácticos y acogedores.
650 ## - SUBJECT ADDED ENTRY--TOPICAL TERM
Topical term or geographic name entry element APARTAMENTOS
650 ## - SUBJECT ADDED ENTRY--TOPICAL TERM
Topical term or geographic name entry element BAÑOS
650 ## - SUBJECT ADDED ENTRY--TOPICAL TERM
Topical term or geographic name entry element COCINAS
650 ## - SUBJECT ADDED ENTRY--TOPICAL TERM
Topical term or geographic name entry element DECORACION
650 ## - SUBJECT ADDED ENTRY--TOPICAL TERM
Topical term or geographic name entry element DEPARTAMENTOS
650 ## - SUBJECT ADDED ENTRY--TOPICAL TERM
Topical term or geographic name entry element DISEÑO DE INTERIORES
650 ## - SUBJECT ADDED ENTRY--TOPICAL TERM
Topical term or geographic name entry element DORMITORIOS
650 ## - SUBJECT ADDED ENTRY--TOPICAL TERM
Topical term or geographic name entry element SALAS
942 ## - ADDED ENTRY ELEMENTS (KOHA)
Koha item type Libros
Existencias
Fecha de la última vez que lo usaron Pago total Signatura topográfica completa Código de barras Precio efectivo desde Tipo de documento Estado perdido Estado dañado No es para préstamo Retirado Ubicación permanente Ubicación actual Fecha de adquisición
15/05/2020   747:728.72/M26 Bib-Lima15052564 15/05/2020 Libros         Biblioteca Central Lima Biblioteca Central Lima 15/05/2020